[Event "AUT-chT2O 2223"]
[Site "Austria"]
[Date "2023.04.23"]
[Round "11.1"]
[White "Baumfrisch, Robert"]
[Black "Brunner, Felix"]
[Result "0-1"]
[WhiteElo "1642"]
[BlackElo "1541"]
[PlyCount "66"]
[EventDate "2022.10.15"]
[EventType "team-tourn"]
[EventRounds "11"]
[EventCountry "AUT"]
[SourceTitle "EXT 2024"]
[Source "ChessBase"]
[SourceDate "2023.10.10"]
[SourceVersion "1"]
[SourceVersionDate "2023.10.10"]
[SourceQuality "1"]
[WhiteTeam "Bad Voeslau"]
[BlackTeam "Purbach/Donnerskirchen"]
[WhiteTeamCountry "AUT"]
[BlackTeamCountry "AUT"]

1. d4 Nf6 2. c4 g6 3. Nc3 d5 4. Nf3 Bg7 5. c5 0-0 6. Bg5 b6 7. b4 Ne4 8. Qc2 Nxg5 9. Nxg5 Bxd4 10. Rd1 bxc5 11. bxc5 Bxc3+ 12. Qxc3 c6 13. e3 Re8 14. h4 e5 15. Be2 e4 16. f3 exf3 17. Nxf3 Bg4 18. Ng5 Bxe2 19. Kxe2 Qe7 20. Rdf1 f5 21. g4 h6 22. gxf5 hxg5 23. f6 Qf7 24. hxg5 Re4 25. Rh6 d4 26. Rfh1 Qxa2+ 27. Kf3 Rxe3+ 28. Qxe3 dxe3 29. Rh8+ Kf7 30. R1h7+ Ke6 31. Re7+ Kf5 32. Rxe3 Qd5+ 33. Kf2 Kxg5 0-1

[Event "Vienna Advent op"]
[Site "Vienna"]
[Date "2022.12.07"]
[Round "3"]
[White "Merei, David"]
[Black "Brunner, Felix"]
[Result "1-0"]
[WhiteElo "1895"]
[BlackElo "1606"]
[PlyCount "73"]
[EventDate "2022.12.05"]
[EventType "tourn"]
[EventRounds "7"]
[EventCountry "AUT"]
[SourceTitle "CBM 211 Extra"]
[Source "ChessBase"]
[SourceDate "2023.01.31"]
[SourceVersion "1"]
[SourceVersionDate "2023.01.31"]
[SourceQuality "1"]

1. e4 c5 2. Nf3 d6 3. d4 cxd4 4. Nxd4 Nf6 5. Nc3 g6 6. Be3 Bg7 7. f3 0-0 8. Qd2 Nc6 9. Bc4 Nxd4 10. Bxd4 Be6 11. Bxe6 fxe6 12. 0-0 Qa5 13. Rad1 Rac8 14. a3 Rc4 15. Be3 Rfc8 16. Qf2 Nd7 17. Qh4 Bf6 18. Qh3 Nf8 19. Kh1 b5 20. Bh6 b4 21. axb4 Qxb4 22. Rb1 Rb8 23. Bxf8 Kxf8 24. Ne2 Rxc2 25. Nf4 Qd2 26. Nxe6+ Kf7 27. Rbd1 Qe2 28. Nf4 Qb5 29. Qxh7+ Ke8 30. Qxg6+ Kd8 31. Nd5 Rd2 32. Qg8+ Kd7 33. Nxf6+ exf6 34. Qf7+ Kc6 35. Rc1+ Kb6 36. Qc7+ Ka6 37. Ra1+ 1-0

[Event "Vienna Advent op"]
[Site "Vienna"]
[Date "2022.12.05"]
[Round "1"]
[White "Weichhart, Daniel"]
[Black "Brunner, Felix"]
[Result "1-0"]
[WhiteElo "1919"]
[BlackElo "1606"]
[PlyCount "53"]
[EventDate "2022.12.05"]
[EventType "tourn"]
[EventRounds "7"]
[EventCountry "AUT"]
[SourceTitle "CBM 211 Extra"]
[Source "ChessBase"]
[SourceDate "2023.01.31"]
[SourceVersion "1"]
[SourceVersionDate "2023.01.31"]
[SourceQuality "1"]

1. Nf3 Nf6 2. d4 g6 3. c4 Bg7 4. Nc3 d5 5. cxd5 Nxd5 6. e4 Nxc3 7. bxc3 c5 8. h3 0-0 9. Be2 cxd4 10. cxd4 Qa5+ 11. Bd2 Qd8 12. 0-0 Nc6 13. Be3 Qd7 14. d5 Ne5 15. Nd4 Qd8 16. Rc1 a6 17. Qb3 Kh8 18. Rfd1 f5 19. f4 Nf7 20. Ne6 Bxe6 21. dxe6 Nd6 22. e5 Re8 23. Bb6 Qb8 24. exd6 exd6 25. Qd5 Bf8 26. Rc7 Re7 27. Qxd6 1-0

[Event "AUT-chT2O 2223"]
[Site "Austria"]
[Date "2022.10.16"]
[Round "2.2"]
[White "Brunner, Felix"]
[Black "Hofmann, Thomas"]
[Result "0-1"]
[WhiteElo "1541"]
[BlackElo "2173"]
[PlyCount "62"]
[EventDate "2022.10.15"]
[EventType "team-tourn"]
[EventRounds "11"]
[EventCountry "AUT"]
[SourceTitle "EXT 2024"]
[Source "ChessBase"]
[SourceDate "2023.10.10"]
[SourceVersion "1"]
[SourceVersionDate "2023.10.10"]
[SourceQuality "1"]
[WhiteTeam "Purbach/Donnerskirchen"]
[BlackTeam "Mistelbach/Altlichtenwarth"]
[WhiteTeamCountry "AUT"]
[BlackTeamCountry "AUT"]

1. e4 c6 2. d4 d5 3. e5 Bf5 4. h4 h5 5. Bd3 Bxd3 6. Qxd3 e6 7. Be3 Nh6 8. Nd2 Nf5 9. Ngf3 Nd7 10. Nb3 Qc7 11. Ng5 c5 12. dxc5 Nxe5 13. Qb5+ Qd7 14. Nd4 Nxd4 15. Qxd7+ Nxd7 16. Bxd4 e5 17. Bc3 Nxc5 18. 0-0-0 f6 19. Rxd5 fxg5 20. Rxe5+ Kd7 21. hxg5 Bd6 22. Rd5 Kc6 23. Rhd1 Rhd8 24. Be5 Be7 25. Rxd8 Rxd8 26. Rxd8 Bxd8 27. g6 Ne6 28. f4 Kd5 29. c4+ Ke4 30. g3 Bb6 31. b4 Bf2 0-1

[Event "Vienna State-chC"]
[Site "Vienna"]
[Date "2022.09.25"]
[Round "9"]
[White "Nicolussi, Hieronymus"]
[Black "Brunner, Felix"]
[Result "0-1"]
[WhiteElo "1239"]
[BlackElo "1541"]
[PlyCount "44"]
[EventDate "2022.09.17"]
[EventType "swiss"]
[EventRounds "9"]
[EventCountry "AUT"]
[SourceTitle "CBM 210 Extra"]
[Source "ChessBase"]
[SourceDate "2022.11.30"]
[SourceVersion "1"]
[SourceVersionDate "2022.11.30"]
[SourceQuality "1"]

1. d4 Nf6 2. e3 g6 3. Bd3 Bg7 4. f4 c5 5. c3 0-0 6. Nf3 Nc6 7. Nbd2 cxd4 8. exd4 d6 9. 0-0 e5 10. fxe5 dxe5 11. Nxe5 Nxe5 12. dxe5 Ng4 13. Nf3 Qb6+ 14. Nd4 Bxe5 15. h3 Bxd4+ 16. cxd4 Qxd4+ 17. Kh1 Nf2+ 18. Rxf2 Qxf2 19. Bd2 Rd8 20. Qc2 Bf5 21. Bxf5 Rxd2 22. Qc7 Qxg2# 0-1

[Event "Vienna State-chC"]
[Site "Vienna"]
[Date "2022.09.24"]
[Round "8"]
[White "Brunner, Felix"]
[Black "Brueggeboes, Anton"]
[Result "1-0"]
[WhiteElo "1541"]
[BlackElo "1506"]
[PlyCount "53"]
[EventDate "2022.09.17"]
[EventType "swiss"]
[EventRounds "9"]
[EventCountry "AUT"]
[SourceTitle "CBM 210 Extra"]
[Source "ChessBase"]
[SourceDate "2022.11.30"]
[SourceVersion "1"]
[SourceVersionDate "2022.11.30"]
[SourceQuality "1"]

1. e4 c5 2. Nf3 Nc6 3. Bb5 g6 4. Bxc6 bxc6 5. d4 cxd4 6. Qxd4 Nf6 7. e5 Nd5 8. 0-0 Bg7 9. c4 Nc7 10. Nc3 0-0 11. Qh4 d5 12. Bh6 f6 13. Bxg7 Kxg7 14. exf6+ exf6 15. cxd5 cxd5 16. Rad1 Bb7 17. Nd4 Qd7 18. Rfe1 Rad8 19. Qg3 Kh8 20. h3 Qf7 21. Re2 Rd7 22. a3 Rfd8 23. Na4 Na6 24. Rde1 Rc8 25. b4 Rdd8 26. Re7 Qg8 27. Rxb7 1-0

[Event "Vienna State-chC"]
[Site "Vienna"]
[Date "2022.09.21"]
[Round "5"]
[White "Brunner, Felix"]
[Black "Unger, Alexander"]
[Result "0-1"]
[WhiteElo "1541"]
[BlackElo "1456"]
[PlyCount "84"]
[EventDate "2022.09.17"]
[EventType "swiss"]
[EventRounds "9"]
[EventCountry "AUT"]
[SourceTitle "CBM 210 Extra"]
[Source "ChessBase"]
[SourceDate "2022.11.30"]
[SourceVersion "1"]
[SourceVersionDate "2022.11.30"]
[SourceQuality "1"]

1. e4 c5 2. Nf3 d6 3. d4 cxd4 4. Nxd4 Nf6 5. Nc3 a6 6. Rg1 h5 7. Be3 e6 8. h3 d5 9. exd5 Nxd5 10. Nxd5 Qxd5 11. Qd2 Bd7 12. g4 Bc5 13. Bg2 Qd6 14. 0-0-0 Nc6 15. Kb1 Nxd4 16. Bxd4 Bxd4 17. Qxd4 Qxd4 18. Rxd4 0-0-0 19. Rgd1 hxg4 20. hxg4 Bc6 21. Rxd8+ Rxd8 22. Rxd8+ Kxd8 23. Bxc6 bxc6 24. c4 c5 25. Kc2 Ke7 26. Kd3 f5 27. gxf5 exf5 28. f4 a5 29. Ke3 Kf6 30. b3 g5 31. fxg5+ Kxg5 32. a3 Kf6 33. Kf4 Ke6 34. Kf3 Ke5 35. Ke3 f4+ 36. Kf3 Kf5 37. Kf2 Ke4 38. Ke2 f3+ 39. Kf2 Kf4 40. b4 axb4 41. axb4 cxb4 42. c5 b3 0-1

[Event "Vienna State-chC"]
[Site "Vienna"]
[Date "2022.09.19"]
[Round "3"]
[White "Brunner, Felix"]
[Black "Lappe, Manfred"]
[Result "0-1"]
[WhiteElo "1541"]
[BlackElo "1692"]
[PlyCount "70"]
[EventDate "2022.09.17"]
[EventType "swiss"]
[EventRounds "9"]
[EventCountry "AUT"]
[SourceTitle "CBM 210 Extra"]
[Source "ChessBase"]
[SourceDate "2022.11.30"]
[SourceVersion "1"]
[SourceVersionDate "2022.11.30"]
[SourceQuality "1"]

1. e4 e5 2. Nf3 Nc6 3. Bc4 Bc5 4. c3 Nf6 5. d3 0-0 6. 0-0 d6 7. Re1 Be6 8. Bb5 Ng4 9. Re2 f5 10. d4 fxe4 11. Rxe4 Bf5 12. Rxg4 Bxg4 13. dxc5 e4 14. Qd5+ Kh8 15. Qxe4 Bxf3 16. gxf3 Re8 17. Qf4 Re1+ 18. Kg2 Qe8 19. Bd2 Re6 20. Bd3 Ne5 21. Bc2 Ng6 22. Bxg6 Rxg6+ 23. Kh1 Qb5 24. Na3 Qxb2 25. Re1 Qxa3 26. Qe4 Rf6 27. Qxb7 Raf8 28. Qxc7 dxc5 29. Bg5 Qxc3 30. Qe7 Qxf3+ 31. Kg1 Qxf2+ 32. Kh1 Qf3+ 33. Kg1 Qg4+ 34. Kh1 Rf1+ 35. Rxf1 Rxf1# 0-1

[Event "Vienna State-chC"]
[Site "Vienna"]
[Date "2022.09.18"]
[Round "2"]
[White "Kolm, Nino"]
[Black "Brunner, Felix"]
[Result "0-1"]
[WhiteElo "1276"]
[BlackElo "1541"]
[PlyCount "90"]
[EventDate "2022.09.17"]
[EventType "swiss"]
[EventRounds "9"]
[EventCountry "AUT"]
[SourceTitle "CBM 210 Extra"]
[Source "ChessBase"]
[SourceDate "2022.11.30"]
[SourceVersion "1"]
[SourceVersionDate "2022.11.30"]
[SourceQuality "1"]

1. e4 c5 2. Be2 Nc6 3. d3 g6 4. f4 Bg7 5. Nf3 Nf6 6. 0-0 d5 7. e5 Nd7 8. Qe1 Nb6 9. c3 Bg4 10. Nbd2 e6 11. h3 Bxf3 12. Nxf3 0-0 13. d4 cxd4 14. cxd4 Nc8 15. b3 N8e7 16. g4 Qb6 17. Ba3 Nxd4 18. Nxd4 Qxd4+ 19. Kh2 Rfe8 20. Rc1 Qb6 21. Bc5 Qd8 22. Bb5 Nc6 23. Bg1 Qd7 24. Rf3 Rec8 25. Rfc3 Rc7 26. R1c2 Rac8 27. Qc1 a6 28. Bd3 d4 29. Rc4 b5 30. Rc5 Bf8 31. Qe1 Bxc5 32. Rxc5 Ne7 33. Rxc7 Qxc7 34. Qe4 Rd8 35. Kg3 Qc6 36. Qe1 Qc3 37. Qe4 Qc6 38. Qe1 Nd5 39. Qa5 Rd7 40. Qe1 Qc3 41. Qe4 Nb4 42. Qa8+ Kg7 43. Qe8 Nxd3 44. Kh2 Nxf4 45. Qxd7 Qxh3# 0-1

[Event "AUT-ch U18"]
[Site "Sankt Veit an der Glan"]
[Date "2019.04.16"]
[Round "5"]
[White "Brunner, Felix"]
[Black "Szolga, Ludwig"]
[Result "0-1"]
[WhiteElo "1401"]
[BlackElo "1681"]
[PlyCount "70"]
[EventDate "2019.04.14"]
[EventType "swiss"]
[EventRounds "7"]
[EventCountry "AUT"]
[SourceTitle "CBM 190 Extra"]
[Source "ChessBase"]
[SourceDate "2019.07.15"]
[SourceVersion "1"]
[SourceVersionDate "2019.07.15"]
[SourceQuality "1"]

1. e4 e5 2. Nf3 d6 3. Bc4 Be7 4. c3 Nf6 5. d3 0-0 6. Bb3 Nbd7 7. 0-0 c6 8. Re1 Re8 9. Bg5 Nf8 10. h3 h6 11. Be3 Ng6 12. Nbd2 Bf8 13. Nf1 Nh7 14. Ng3 Ng5 15. Nxg5 hxg5 16. Qd2 Nf4 17. Bd1 g6 18. Bg4 Bxg4 19. hxg4 Qd7 20. f3 Be7 21. Kf2 Kg7 22. Rh1 Rh8 23. Rxh8 Rxh8 24. Rh1 Qd8 25. Kf1 Rxh1+ 26. Nxh1 Qa5 27. g3 Ne6 28. a3 d5 29. Nf2 f6 30. Ke2 a6 31. Nh3 Qd8 32. f4 Qh8 33. Nf2 d4 34. cxd4 exd4 35. Qb4 Bxb4 0-1

[Event "AUT-ch U18"]
[Site "St Veit"]
[Date "2018.03.27"]
[Round "4"]
[White "Brunner, Felix"]
[Black "Warmuth, Thomas"]
[Result "0-1"]
[WhiteElo "1180"]
[BlackElo "1657"]
[PlyCount "112"]
[EventDate "2018.03.25"]
[EventType "swiss"]
[EventRounds "7"]
[EventCountry "AUT"]
[SourceTitle "EXT 2019"]
[Source "ChessBase"]
[SourceDate "2018.10.10"]
[SourceVersion "1"]
[SourceVersionDate "2018.10.10"]
[SourceQuality "1"]

1. c4 c5 2. g3 g6 3. Bg2 Bg7 4. Nc3 Nc6 5. e3 d6 6. Nge2 Rb8 7. 0-0 Bd7 8. d4 cxd4 9. exd4 Qb6 10. d5 Ne5 11. b3 Bf5 12. Na4 Qc7 13. Bb2 Bf6 14. Nc1 Nd7 15. Bxf6 Ngxf6 16. Re1 Nc5 17. Nxc5 Qxc5 18. Qe2 Qc7 19. a4 b6 20. a5 bxa5 21. Rxa5 0-0 22. Ra6 Rfe8 23. Qe3 Rb6 24. Ra2 Rb7 25. Rae2 Qb6 26. Qf4 Kg7 27. Rb2 Qb4 28. Qd2 Qxd2 29. Rxd2 Nd7 30. h3 Nc5 31. Rb2 Bd3 32. b4 Bxc4 33. Rd1 Na6 34. Na2 Bxa2 35. Rxa2 Nxb4 36. Rb1 Reb8 37. Rab2 Kf8 38. Kf1 Ke8 39. Ke2 Kd8 40. Kf3 Kc8 41. Kg4 h6 42. h4 Nd3 43. Rxb7 Rxb7 44. Rxb7 Kxb7 45. f4 a5 46. Bf1 Nb4 47. Bb5 Nxd5 48. h5 Kb6 49. hxg6 fxg6 50. Ba4 Kc5 51. Bb3 Nf6+ 52. Kf3 Kb4 53. Ba2 a4 54. g4 Ka3 55. Bf7 g5 56. fxg5 hxg5 0-1

[Event "AUT-ch U18"]
[Site "St Veit"]
[Date "2018.03.25"]
[Round "1"]
[White "Goller, Alexander"]
[Black "Brunner, Felix"]
[Result "1-0"]
[WhiteElo "1968"]
[BlackElo "1180"]
[PlyCount "73"]
[EventDate "2018.03.25"]
[EventType "swiss"]
[EventRounds "7"]
[EventCountry "AUT"]
[SourceTitle "EXT 2019"]
[Source "ChessBase"]
[SourceDate "2018.10.10"]
[SourceVersion "1"]
[SourceVersionDate "2018.10.10"]
[SourceQuality "1"]

1. d4 Nf6 2. c4 e6 3. Nf3 Nc6 4. g3 Bb4+ 5. Bd2 Bxd2+ 6. Nbxd2 0-0 7. Bg2 d6 8. 0-0 e5 9. d5 Ne7 10. Qc2 Bf5 11. e4 Bg6 12. Rfd1 c6 13. Nh4 Bh5 14. Re1 Qb6 15. Rac1 Ng4 16. c5 Qc7 17. Nc4 dxc5 18. d6 Qd7 19. dxe7 Qxe7 20. Nf5 Qe6 21. Red1 g6 22. Rd6 Qe8 23. Nfe3 Nxe3 24. Nxe3 f5 25. exf5 gxf5 26. Nxf5 Bg6 27. Qb3+ Kh8 28. Ne3 Qe7 29. Rcd1 Bf7 30. Qc3 Bd5 31. Qxc5 b6 32. Nxd5 Qf7 33. Nxb6 axb6 34. Qxe5+ Kg8 35. Qe6 Rxa2 36. Qxf7+ Rxf7 37. Bxc6 1-0

[Event "AUT-chT 9697"]
[Site "Vorarlberg"]
[Date "1996.??.??"]
[Round "?"]
[White "Brunner, Felix"]
[Black "Dorner, Guenther"]
[Result "0-1"]
[WhiteElo "1860"]
[BlackElo "2180"]
[PlyCount "80"]
[EventDate "1996.??.??"]
[EventType "team"]
[EventRounds "9"]
[EventCountry "AUT"]
[SourceTitle "EXT 1999"]
[Source "ChessBase"]
[SourceDate "1998.11.16"]
[SourceVersion "1"]
[SourceVersionDate "1998.11.16"]
[SourceQuality "1"]

1. e4 e6 2. d3 d5 3. Nd2 c5 4. Ngf3 Nc6 5. g3 Nf6 6. Bg2 Be7 7. 0-0 0-0 8. e5 Nd7 9. Re1 Qc7 10. Qe2 b6 11. Nf1 Ba6 12. Bf4 Rac8 13. c3 b5 14. Ne3 Nb6 15. h4 d4 16. Ng4 Nd5 17. cxd4 Nxf4 18. gxf4 Nxd4 19. Nxd4 cxd4 20. Be4 Qc2 21. Nf6+ Bxf6 22. Bxh7+ Kxh7 23. Qh5+ Kg8 24. exf6 Qxd3 25. fxg7 Kxg7 26. Kh2 Qf5 27. Rg1+ Kf6 28. Qh6+ Ke7 29. Qg5+ Qxg5 30. fxg5 Rc2 31. Kg3 d3 32. b4 d2 33. Kf3 Rh8 34. Kg3 Rc3+ 35. f3 Bb7 36. Rgf1 Rd8 37. Rad1 Rdd3 38. h5 Bxf3 39. Rxf3 Rxf3+ 40. Kg4 e5 0-1